000 00621nam a2200193 i 4500
001 9932
003 ES-MaACL
005 20230906145804.0
007 t|
008 901112s1993 sp ||||1| spa d
020 _a84-260-2812-8
080 _a330.534(46)
245 0 0 _aContabilidad regional de España
_b: base 1986, serie 1987-1991 /
_cInstituto Nacional de Estadistica.
260 _aMadrid :
_bI.N.E.,
_c1993.
300 _a403 p. ;
_c30 cm.
650 1 4 _aContabilidad regional-
_zEspaña.
_911313
710 2 _aInstituto Nacional de Estadística (España)
_95162
852 _aES-MaACL
_jL-17465
_bR.122580
_z. - rust.
999 _c9932
_d9932